00261nam a2200109Ia 4500008004100000100002700041245002300068260002400091650001200115942000700127999001700134190216s9999||||xx |||||||||||||| ||und|| aKunhi Kuttan Thamburan 0aVikramorga Sheeyam bShakthi Publication aNadakam cBK c25299d25299